000 00510nam a2200181Ia 4500
008 220531s9999 xx 000 0 und d
041 _aeng
082 _a-
_bCAP / SAN
100 _aSangale, Balasaheb and others
_974258
245 _aCapital market And Financial Services (Sem.-IV)
250 _a1ST
260 _aPune
_bSuccess
_c2014
300 _a4.13
542 _d09-10-2018
650 _aCapital Market
_974259
906 _cM.Com-II
_d2018-2019
_eElantas beck Co.
_f15435
999 _c41358
_d41358